| 000 | 00000nam##2200000za#4500 |
| 001 | 9.669786 |
| 003 | CaOODSP |
| 005 | 20250206125413 |
| 007 | ta |
| 008 | 150407|2008||||xxc||||| f|0| 0 fre|d |
| 020 | |a978-0-662-05474-0 |
| 040 | |aCaOODSP|bfre |
| 041 | |aeng |
| 041 | |afre |
| 043 | |an-cn--- |
| 086 | 1 |aA104-68/2008 |
| 110 | 2 |aAgence canadienne d'inspection des aliments. |
| 245 | 10|aPlan d'action pour les plantes terrestres et les phytoravageurs étrangers envahissants |
| 260 | |aOttawa - Ontario : |bAgence canadienne d'inspection des aliments |c2008. |
| 300 | |a1 feuille pliée (texte français, [3]p.) : |bphotographies ; |c22 cm. |
| 563 | |aDépliant |
| 590 | |a08-45|b2008-11-07 |
| 691 | 07|aOrganisme nuisible|2gcpds |
| 691 | 07|aPlante|2gcpds |
| 776 | 0#|tPlan d'action pour les plantes terrestres et les phytoravageurs étrangers envahissants |w(CaOODSP)9.635898 |
| 776 | 0#|tAction plan for invasive alien terrestrial plants and plant pests |w(CaOODSP)9.691570 |
| 791 | |tAction plan for invasive alien terrestrial plants and plant pests |eeng|w(CaOODSP)9.669785 |
| 986 | |aP0608-08 |